000 01282nam a22002777a 4500
001 BD-DhSAU 9297
003 BD-DhSAU
005 20181209143833.0
008 150612b16 bg a||||r|||| 000 0 eng d
040 _aBD-DhSAU
082 _222
_a630.715
_bM2786
100 _a Mahmood , Md. Iqbal
_eRegistration No. # 10-04181
245 _aPerceived usefulness of Information and communication Technologies (ICTs) use in agro farming system in Bangladesh /
_bMS thesis
_c Mahmood , Md. Iqbal
260 _aSher-e- Bangla Agricultural University :
_bDepartment of Agricultural Extension and Information System,
_c2016
300 _aix, 48 p. :
_bill. ,
_c30 cm.
500 _aMS thesis of Department of Agricultural Extension and Information System, Faculty of Agriculture, Sher-e-Bangla Agricultural University, Dhaka, Bangladesh
590 _aShofi
650 _aAgricultural Extension and Information System
650 _aPerceived usefulness
650 _aInformation and communication Technologies (ICTs)
650 _aAgro farming system
_zBangladesh
700 _aAlam , Md. Mahbubul
_eSupervisor
700 _aAzad , Md. Javed
_eCo-Supervisor
856 _uhttp://archive.saulibrary.edu.bd:8080/xmlui/handle/123456789/759
_yOnline Access
942 _2ddc
_cTHESIS
999 _c14198
_d14197